<?xml version="1.0" encoding="UTF-8"?>
<record
    xmlns:xsi="http://www.w3.org/2001/XMLSchema-instance"
    xsi:schemaLocation="http://www.loc.gov/MARC21/slim http://www.loc.gov/standards/marcxml/schema/MARC21slim.xsd"
    xmlns="http://www.loc.gov/MARC21/slim">

  <leader>03120cam a2200349 i 4500</leader>
  <datafield tag="999" ind1=" " ind2=" ">
    <subfield code="c">27773</subfield>
    <subfield code="d">27744</subfield>
  </datafield>
  <controlfield tag="001">20157302</controlfield>
  <controlfield tag="003">EG-ScBUE</controlfield>
  <controlfield tag="005">20191203130558.0</controlfield>
  <controlfield tag="008">171129s2018    enka   f b    001 0 eng d</controlfield>
  <datafield tag="020" ind1=" " ind2=" ">
    <subfield code="a">9780415786461 (hardback)</subfield>
  </datafield>
  <datafield tag="040" ind1=" " ind2=" ">
    <subfield code="a">DLC</subfield>
    <subfield code="b">eng</subfield>
    <subfield code="c">DLC</subfield>
    <subfield code="e">rda</subfield>
    <subfield code="d">DLC</subfield>
    <subfield code="d">EG-ScBUE</subfield>
  </datafield>
  <datafield tag="043" ind1=" " ind2=" ">
    <subfield code="a">n-us---</subfield>
    <subfield code="a">e------</subfield>
    <subfield code="a">a-cc---</subfield>
  </datafield>
  <datafield tag="082" ind1="0" ind2="4">
    <subfield code="a">327.73051</subfield>
    <subfield code="b">BRO</subfield>
    <subfield code="2">22</subfield>
  </datafield>
  <datafield tag="100" ind1="1" ind2=" ">
    <subfield code="a">Brown, Scott A. W,</subfield>
    <subfield code="e">author.</subfield>
  </datafield>
  <datafield tag="245" ind1="1" ind2="0">
    <subfield code="a">Power, perception and foreign policymaking :</subfield>
    <subfield code="b">US and EU responses to the rise of China /</subfield>
    <subfield code="c">Scott A. W. Brown.</subfield>
  </datafield>
  <datafield tag="264" ind1=" " ind2="1">
    <subfield code="a">Abingdon, Oxon ;</subfield>
    <subfield code="a">New York :</subfield>
    <subfield code="b">Routledge / Taylor &amp; Francis Group,</subfield>
    <subfield code="c">2018.</subfield>
  </datafield>
  <datafield tag="300" ind1=" " ind2=" ">
    <subfield code="a">xiii, 245 pages :</subfield>
    <subfield code="b">illustrations ;</subfield>
    <subfield code="c">24 cm.</subfield>
  </datafield>
  <datafield tag="336" ind1=" " ind2=" ">
    <subfield code="a">text</subfield>
    <subfield code="b">txt</subfield>
    <subfield code="2">rdacontent</subfield>
  </datafield>
  <datafield tag="337" ind1=" " ind2=" ">
    <subfield code="a">unmediated</subfield>
    <subfield code="b">n</subfield>
    <subfield code="2">rdamedia</subfield>
  </datafield>
  <datafield tag="338" ind1=" " ind2=" ">
    <subfield code="a">volume</subfield>
    <subfield code="b">nc</subfield>
    <subfield code="2">rdacarrier</subfield>
  </datafield>
  <datafield tag="490" ind1="0" ind2=" ">
    <subfield code="a">Routledge studies in foreign policy analysis</subfield>
  </datafield>
  <datafield tag="504" ind1=" " ind2=" ">
    <subfield code="a">Includes bibliographical references and index.</subfield>
  </datafield>
  <datafield tag="520" ind1=" " ind2=" ">
    <subfield code="a">This book examines the changing dynamics of power in the international arena since the end of the Cold War. Brown engages in analysis of how the United States and the European Union have responded to the so-called rise of China through an examination of how policymakers' perceptions of China have changed over time and influenced their policy choices. This study undifertakes rigorous analysis of how these perceptions have evolved between 1989 and 20092016, offering a comparative perspective on the similarities and differences between the policy discourse and behaviour within these two Western powers. Brown argues that 'China's rise' is a contested notion, with varied perceptions of how the implications of China's ascendancy have shaped policy preferences in ways that are inconsistent with concerns over the threat of an impending power-transition. Combining concepts and methods diferived from IR and FPA, the book examines the linkages between great power politics and policymakers' competing interpretations of key international actors, and their influence upon foreign policies. The main objective of the study is to illuminate the different ways in which the US and the EU have responded to the rise of China through a close analysis of their decision-making processes and outcomes across a series of key encounters and events, including the transatlantic debate over the Eu's proposal to lift its China arms embargo (2003-2005). Undifertaking qualitative analysis of the development of American and European policymakers' perceptions of China, this book will be of interest to graduates and scholars of post-Cold War international politics, Foreign Policy Analysis, policymaking, US-China relations and EU-China relations."--Provided by publisher.</subfield>
  </datafield>
  <datafield tag="650" ind1=" " ind2="7">
    <subfield code="a">World politics</subfield>
    <subfield code="y">1989-</subfield>
    <subfield code="2">BUEsh</subfield>
  </datafield>
  <datafield tag="651" ind1=" " ind2="7">
    <subfield code="a">United States</subfield>
    <subfield code="x">Foreign relations</subfield>
    <subfield code="z">China.</subfield>
    <subfield code="2">BUEsh</subfield>
    <subfield code="9">10134</subfield>
  </datafield>
  <datafield tag="651" ind1=" " ind2="7">
    <subfield code="a">China</subfield>
    <subfield code="x">Foreign relations</subfield>
    <subfield code="z">United States.</subfield>
    <subfield code="2">BUEsh</subfield>
    <subfield code="9">10133</subfield>
  </datafield>
  <datafield tag="651" ind1=" " ind2="7">
    <subfield code="a">European Union countries</subfield>
    <subfield code="x">Foreign relations</subfield>
    <subfield code="z">China.</subfield>
    <subfield code="2">BUEsh</subfield>
  </datafield>
  <datafield tag="651" ind1=" " ind2="7">
    <subfield code="a">China</subfield>
    <subfield code="x">Foreign relations</subfield>
    <subfield code="z">European Union countries.</subfield>
    <subfield code="2">BUEsh</subfield>
  </datafield>
  <datafield tag="653" ind1=" " ind2=" ">
    <subfield code="b">MASPPSS</subfield>
    <subfield code="b">BUSBOL</subfield>
    <subfield code="c">November2019</subfield>
  </datafield>
  <datafield tag="655" ind1=" " ind2=" ">
    <subfield code="v">Reading book</subfield>
  </datafield>
  <datafield tag="942" ind1=" " ind2=" ">
    <subfield code="2">ddc</subfield>
    <subfield code="c">BB</subfield>
  </datafield>
  <datafield tag="952" ind1=" " ind2=" ">
    <subfield code="0">0</subfield>
    <subfield code="1">0</subfield>
    <subfield code="2">ddc</subfield>
    <subfield code="4">0</subfield>
    <subfield code="7">0</subfield>
    <subfield code="8">Baccah</subfield>
    <subfield code="a">MAIN</subfield>
    <subfield code="b">MAIN</subfield>
    <subfield code="c">1ST</subfield>
    <subfield code="d">2019-11-20</subfield>
    <subfield code="e">Purchase</subfield>
    <subfield code="g">1970.00</subfield>
    <subfield code="l">0</subfield>
    <subfield code="o">327.73051 BRO</subfield>
    <subfield code="p">000048259</subfield>
    <subfield code="r">2025-07-15 00:00:00</subfield>
    <subfield code="v">2462.50</subfield>
    <subfield code="w">2019-11-20</subfield>
    <subfield code="y">BB</subfield>
  </datafield>
</record>
